Význam projektového financovania

Základy projektového financovania. Rozdiely od podnikového financovania. Výhody projektového financovania. Nástroje projektového financovania. Komerčné úvery. Vlastný kapitál. Podriadené úvery. Dodávateľský úver. Dlhopisy. Nerozdelený zisk. Striktné požiadavky na projektové financovanie.

Gespeichert in:
Bibliographische Detailangaben
Format: Buchkapitel
Sprache:Slowakisch
Englisch
Schlagworte:
Tags: Tag hinzufügen
Keine Tags, Fügen Sie das erste Tag hinzu!

MARC

LEADER 00000naa$a2200000$$$4500
001 0026818
005 20231106074515.6
041 0 |a slo 
041 0 |a eng 
044 |a SK 
245 1 0 |a Význam projektového financovania 
520 |a Základy projektového financovania. Rozdiely od podnikového financovania. Výhody projektového financovania. Nástroje projektového financovania. Komerčné úvery. Vlastný kapitál. Podriadené úvery. Dodávateľský úver. Dlhopisy. Nerozdelený zisk. Striktné požiadavky na projektové financovanie. 
610 2 0 |a financovanie projektové 
610 2 0 |a projekty 
610 2 0 |a zdroje finančné 
610 2 0 |a nástroje finančné